Detalles MARC
| 000 -Cabecera |
| Campo de control de longitud fija |
02320aam a2200613 4500 |
| 005 - Fecha y hora de la última transacción |
| Campo de control |
20250717105441.0 |
| 008 - Elementos de longitud fija--Información general |
| Campo de control de longitud fija |
150309b2012 xxu||||| |||| 00| 0 spa d |
| 020 ## - International Standard Book Number |
| Número Internacional Estándar del Libro (ISBN) |
9786073209403 |
| 041 ## - Idioma |
| Código de idioma |
Español |
| 082 ## - Clasificación Decimal Dewey |
| Número de clasificación |
658.408 R244r |
| 100 ## - Entrada principal--Autor personal |
| Nombre personal |
Raufflet, Emmanuel |
| 9 (RLIN) |
21529 |
| 100 ## - Entrada principal--Autor personal |
| Nombre personal |
Lozano Aguilar, José Félix |
| 9 (RLIN) |
21530 |
| 245 ## - Título propiamente dicho |
| Título |
Responsabilidad social empresarial |
| 260 ## - Pie de imprenta |
| Lugar de publicación, distribución, etc. |
México |
| 260 ## - Pie de imprenta |
| Nombre del editor, distribuidor, etc. |
Pearson Educación |
| 260 ## - Pie de imprenta |
| Fecha de publicación, distribución, etc. |
2012 |
| 300 ## - Descripción física |
| Extensión |
346 páginas |
| 490 ## - Serie |
| Título de la Serie |
Dirección y Administración de Empresas |
| 505 ## - Nota de contenido |
| Nota de contenido |
Parte I. Fundamentos de la RSE y su relación con la empresa.<br/>Parte II. Casos de estudio |
| 650 ## - Materia general |
| Temática (materia general) |
RESPONSABILIDAD SOCIAL DE LA GERENCIA |
| 650 ## - Materia general |
| Temática (materia general) |
RESPONSABILIDAD SOCIAL EMPRESARIAL (RSE) |
| 650 ## - Materia general |
| Temática (materia general) |
ÉTICA DE LA EMPRESA |
| 650 ## - Materia general |
| Temática (materia general) |
ÉTICA EN LA GESTIÓN DE LAS ORGANIZACIONES |
| 650 ## - Materia general |
| Temática (materia general) |
FILOSOFÍA DE LA EMPRESA |
| 650 ## - Materia general |
| Temática (materia general) |
GESTIÓN DE LA RESPONSABILIDAD SOCIAL |
| 650 ## - Materia general |
| Temática (materia general) |
DESARROLLO SUSTENTABLE |
| 650 ## - Materia general |
| Temática (materia general) |
DESARROLLO HUMANO |
| 650 ## - Materia general |
| Temática (materia general) |
GRUPO DE INTERES |
| 650 ## - Materia general |
| Temática (materia general) |
RECURSOS HUMANOS |
| 650 ## - Materia general |
| Temática (materia general) |
MARKETING |
| 650 ## - Materia general |
| Temática (materia general) |
LOGÍSTICA |
| 650 ## - Materia general |
| Temática (materia general) |
ALIANZA ESTRATÉGICA |
| 650 ## - Materia general |
| Temática (materia general) |
ORGANIZACIONES |
| 650 ## - Materia general |
| Temática (materia general) |
ADMINISTRACIÓN DE EMPRESAS |
| 650 ## - Materia general |
| Temática (materia general) |
PERSPECTIVAS SOBRE LAS RSE |
| 650 ## - Materia general |
| Temática (materia general) |
INSTRUMENTOS DE GESTIÓN |
| 650 ## - Materia general |
| Temática (materia general) |
DESARROLLO HUMANO |
| 650 ## - Materia general |
| Temática (materia general) |
DESARROLLO SOSTENIBLE |
| 650 ## - Materia general |
| Temática (materia general) |
RESPONSABILIDAD CORPORATIVA |
| 650 ## - Materia general |
| Temática (materia general) |
ALIANZAS ESTRATÉGICAS |
| 650 ## - Materia general |
| Temática (materia general) |
PYMES |
| 650 ## - Materia general |
| Temática (materia general) |
CASO 1: BENDICIONES PARADÓJICAS DE UNA EMPRESA EN SU ENTORNO LOCAL |
| 650 ## - Materia general |
| Temática (materia general) |
CASO 2: ILEGALIDAD O INSEGURIDAD: DILEMA PARA LAS TIENDAS DE CONVIVENCIA EN MONTERREY |
| 650 ## - Materia general |
| Temática (materia general) |
CASO 3: FONDO DE SOLIDARIDAD Y GILDAN ACTIVEWEAR |
| 650 ## - Materia general |
| Temática (materia general) |
CASO 4: PROGRAMA ORO VERDE |
| 650 ## - Materia general |
| Temática (materia general) |
CASO 5: BEST BUDDIES- ALKOSTO: DEL MARKETING A LA RSE |
| 650 ## - Materia general |
| Temática (materia general) |
CASO 6: CASO CERRADO MIRANDA |
| 650 ## - Materia general |
| Temática (materia general) |
CASO 7: ALIAR, S.A |
| 650 ## - Materia general |
| Temática (materia general) |
CASO 8: UN DILEMA DE RESPONSABILIDAD |
| 650 ## - Materia general |
| Temática (materia general) |
CASO 9: RSE ESTRATÉGICA EN EL CONTEXTO DE BRASIL. PROYECTO ECOELCE |
| 650 ## - Materia general |
| Temática (materia general) |
CASO 10: TEXTILES MÓNICA URQUIJO: TEJIENDO REDES HUMANAS |
| 650 ## - Materia general |
| Temática (materia general) |
CASO 11: CONSTRUMEX: FACILITANDO INVERSIONES REMOTAS DE VIVIENDA PARA MIGRANTES MEXICANOS ESTABLECIDOS EN ESTADOS UNIDOS |
| 942 ## - Punto de acceso adicional KOHA |
| Tipo de ítem KOHA |
Libro |
| Fuente del sistema de clasificación o colocación |
Dewey Decimal Classification |